Rusko ako energetický gigant 21. storočia diplomová práca

Salvato in:
Dettagli Bibliografici
Autore principale: Trubačová, Michaela
Ente Autore: Obchodná fakulta EU. Katedra medzinárodného obchodu
Altri autori: Sopková, Gabriela
Natura: Libro
Lingua:slovacco
Pubblicazione: Bratislava 2017
Tags: Aggiungi Tag
Nessun Tag, puoi essere il primo ad aggiungerne!!

MARC

LEADER 00000nbm a2200000 4500
001 0230643
005 20170927112853.3
041 0 |a slo 
044 |a SK 
245 1 0 |a Rusko ako energetický gigant 21. storočia  |b diplomová práca  |c Michaela Trubačová ; školiteľ: Gabriela Sopková 
264 1 |a Bratislava  |c 2017 
300 |a 86 s. 
100 1 |a Trubačová, Michaela 
700 1 |a Sopková, Gabriela 
710 2 |a Obchodná fakulta EU. Katedra medzinárodného obchodu